Le parking des anges - Marc Lavoine : Paroles - Statistiques

Statistiques générales
  • Ce quiz a été pris 25 fois
  • Le résultat moyen est 209 sur 271
Statistiques - réponses
Paroles % Correct
sur
100%
à
96%
a
96%
anges
96%
de
96%
dérange
96%
le
96%
les
96%
ne
96%
parking
96%
plus
96%
rien
96%
des
91%
la
91%
aime
87%
fait
87%
dans
83%
fille
83%
garçon
83%
l'amour
83%
un
83%
Une
83%
une
83%
voiture
83%
au
78%
jour
78%
nuit
78%
ont
78%
petit
78%
qui
78%
volée
78%
ce
74%
folie
74%
mais
74%
mélange
74%
c'est
70%
deux
70%
elle
70%
il
70%
leurs
70%
se
70%
du
65%
en
65%
est
65%
son
65%
corps
61%
étrange
57%
d'un
52%
lui
52%
lumière
52%
mélangent
52%
métier
52%
pour
52%
quand
52%
sa
52%
trafiquante
52%
change
48%
d'amour
48%
danger
48%
peau
48%
qu'il
48%
recherché
48%
dit
43%
nom
43%
qu'elle
43%
soir
43%
tatoué
43%
zone
43%
aimera
39%
beau
39%
comme
39%
d'autres
39%
d'une
39%
l'amante
39%
l'autre
39%
pas
39%
près
39%
arrêté
35%
avec
35%
sont
35%
villa
35%
cité
30%
fou
30%
romaine
30%
s'est
30%
suspendu
30%
temps
30%
toujours
30%
arrivés
26%
bidon
26%
décoiffé
26%
déshabille
26%
reine
26%
terrain
26%
vague
26%
amarré
22%
hommes
22%
l'éclat
22%
Aucun quiz correspondant
Distribution des résultats
% des personnes avec chaque résultat
Percentile par nombre de réponses
Votre historique - résultats
Vous n’avez pas pris ce quiz